Gaming Quiz

Random Gaming or Board Games Quiz

TV Board Games by Rules Quiz Stats

 Plays Quiz Updated Jun 18, 2018

Challenge
Share
Tweet
Embed
Score 0/20 Timer 10:00
0 Plays Today
% Correct
The Big Bang Theory: The Party Game
91.2%
The Walking Dead Board Game
87.6%
South Park: The Totally Sweet DVD Trivia Game
86.6%
Downton Abbey: The Board Game
85.7%
Dexter: The Board Game
83.6%
The Rawhide Game
80.4%
The Amazing Race DVD Board Game
80.1%
Little House on the Prairie
79.7%
Deadliest Catch Sea Adventure Game
78.7%
The Charlie's Angels Game
78%
% Correct
The Fantasy Island Game
77.8%
The Survivor Game
76.7%
Hogan's Heroes: The Bluff Out Game
75.3%
The Dukes of Hazzard Game
75.1%
The Mork & Mindy Game
75%
Murder, She Wrote
71.2%
Dallas: A Game of the Ewing Family
70%
Walk Along Sesame Street
67.6%
The Happy Days Game
65.4%
All My Children
59.3%

You're not logged in!

Compare scores with friends on all Sporcle quizzes.
OR
Log In

You Might Also Like...

Show Comments

Extras

Top Quizzes Today


Score Distribution

Your Account Isn't Verified!

In order to create a playlist on Sporcle, you need to verify the email address you used during registration. Go to your Sporcle Settings to finish the process.

Report this User

Report this user for behavior that violates our Community Guidelines.

Details: